Rock in the Answers - Statistics

General Stats
  • This quiz has been taken 41,365 times
    17,020 since last reset
  • The average score is 10 of 18
Answer Stats
Clue Answer % Correct
Oscar host slapped by Will Smith Chris Rock
90%
Elvis song about partying inmates Jailhouse Rock
77%
Tourist trap cafe that sells T-shirts Hard Rock Cafe
75%
Clover which is a symbol of Ireland Shamrock
73%
The halite variety of NaCl Rock salt
69%
Another name for Uluru Ayers Rock
65%
Christmas song: "it's a swell time / to go glidin' in a one-horse sleigh" Jingle Bell Rock
64%
Elton John song about an astronaut Rocketman
63%
Place in Massachusetts where the Pilgrims landed Plymouth Rock
59%
The first person to be worth $1 billion J. D. Rockefeller
55%
1970s toy fad Pet rock
48%
Detroit musician briefly married to Pamela Anderson Kid Rock
47%
Nadir reached by a junky Rock bottom
46%
Song by the Clash about a Moroccan fortress Rock the Casbah
42%
Jerusalem landmark Dome of the Rock
38%
The solid layer of rock underneath the looser surface layer of the Earth Bedrock
35%
Roshambo Rock-paper- scissors
30%
One of the pillars of Hercules Rock of Gibraltar
25%
No matching quizzes found
Score Distribution
Percent of People with Each Score
Percentile by Number Answered
Your Score History
You have not taken this quiz since the last reset